| 000 | 00405nam a2200157 i 4500 | ||
|---|---|---|---|
| 001 | 141963 | ||
| 003 | ES-MaACL | ||
| 005 | 20230906200418.0 | ||
| 007 | t| | ||
| 008 | 071001s1919 fr ||||1| fre d | ||
| 100 | 1 |
_aViollis, Andrée. _9115418 |
|
| 245 | 1 | 0 |
_aLord Northcliffe / _cAndrée Viollis. |
| 260 |
_aParis : _bB. Grasset, _c1919. |
||
| 300 |
_a63 p. ; _c20 cm. |
||
| 852 |
_aES-MaACL _j1486-F-10 |
||
| 999 |
_c141963 _d141963 |
||